000 01447cam a22003977a 4500
003 CHAP
005 20220817043001.0
008 971013s1995 r 00010 d
010 _a61881
011 _a62853
035 _a67029
040 _cCHAP
090 _aFolleto 14838
100 0 0 _aRubí Arriaga, Martín.
_9100506
245 1 0 _aOrigen y evolución del aguacate
_c/por Rubí Arriaga Martín, Edilberto Avitia García y Alejandro Barrientos Priego
260 _aCoatepec Harinas, Méx. :
_bFundación Salvador Sánchez Colín - CICTAMEX,
_c1995.
300 _a20 p.
_b: mapa
410 2 1 _aFundación Salvador Sánchez Colín. CICTAMEX
490 0 _aFolleto
_v; 267
590 _aBATCH-UPD
_b10
_c20130110
_lUCH01
_h0121
590 _aBATCH-UPD
_b10
_c20130110
_lUCH01
_h1335
590 _aBATCH-UPD
_b10
_c20130409
_lUCH01
_h2114
590 _aBATCH-UPD
_b10
_c20130410
_lUCH01
_h0839
590 _aBATCH-UPD
_b10
_c20130913
_lUCH01
_h2303
590 _aCONVERSION
_b10
_c20130109
_lUCH01
_h1333
650 1 4 _aAguacate
_xHistoria.
_92523
650 1 4 _aAguacate
_xVariedades.
_92559
700 0 2 _aAvitia García, Edilberto.
_98884
700 0 2 _aBarrientos Priego, Alejandro F.
_910489
810 2 1 _aFundación Salvador Sánchez Colín. CICTAMEX
830 0 _aFolleto
_v; 267
901 _aBK
942 _cFOLL
949 _aFolleto 14838
_bBC
_cFOLL
_d-152272
_eTS1
_i67029
_si
949 _aFolleto 14838
_bBC
_cFOLL
_d670291
_eTS2
_fc.2
_i67029
_si
999 _c61881
_d61881